Word Ladder: Evolution Quiz Stats

 Plays Quiz Updated Jan 7, 2013

Support Sporcle.
Go Orange.
Score 0/29 Timer 03:00
3 Plays Today
Clue 4-Letter Word % Correct
Pass gasFART
97.4%
Between hot and cold웃 WARM-blooded creatures 웃
95.8%
To go without foodFAST
94.7%
A small, rough growth on the skinWART
92.8%
Punching weaponFIST
91.8%
Medical oath: 'First, do no _____' HARM
90.9%
Sesame, poppy, etc.SEED
90.1%
Beach grainsSAND
89.5%
Do this after writing a text or emailSEND
89.3%
Kids' summer destinationCAMP
87.9%
MoistDAMP
87.7%
Rational, not crazySANE
86.7%
The Fray's 'How to ___ a Life'SAVE
86%
Plucked instrument or Irish LagerHARP
85.6%
One ___, Two ___, Red ___, Blue ___웃 FISH 웃
85.2%
Clue 4-Letter Word % Correct
Gorillas, chimps and bonobos, e.g.웃 APES 웃
85.1%
Drove away very quicklySPED
81%
A spelunker explores this웃 CAVE men 웃
80.5%
Greek God of WarARES
79.8%
Hoover, Aswan High and Grand Coulee, e.g.DAMS
79.2%
Decreases intensity of lightDIMS
79.2%
Where the heart isHOME
79.1%
To complain aboutCARP
78.4%
Focuses on a targetAIMS
77.1%
MimickedAPED
74.7%
Hemingway bid farewell to these?ARMS
74.2%
A protected inlet of waterCOVE
74.1%
'___ Back Little Sheba'COME
71.9%
'erectus' or 'habilis' preceeder웃 HOMO sapiens 웃
66.6%

Today's Daily Dose

You're not logged in!

Compare scores with friends on all Sporcle quizzes.
OR
Log In

From the Vault

60 Second Blitz: Lands & Stans

by RobPro

We've met a few people named Stan, but these Lands are alright too.
Remove Ads.
Support Sporcle.
Get the best of Sporcle when you Go Orange. This ad-free experience offers more features, more stats, and more fun while also helping to support Sporcle. Thank you for becoming a member.

Show Comments

Extras

Top Quizzes Today


Score Distribution

Your Account Isn't Verified!

In order to create a playlist on Sporcle, you need to verify the email address you used during registration. Go to your Sporcle Settings to finish the process.

Report this User

Report this user for behavior that violates our Community Guidelines.

Details: